| 000 | 00758nam a2200241Ia 4500 | ||
|---|---|---|---|
| 005 | 20231201111504.0 | ||
| 008 | 131103s9999 xx 000 0 und d | ||
| 020 |
_a195659155 _cRs. 595 |
||
| 040 | _aLoreto College | ||
| 041 | _aEnglish | ||
| 082 |
_a396 _bSOU |
||
| 245 |
_aWomen's Voices, _b Selections from Nineteenth and Early Twentieth century Indian Writing in English, _c Eunice de Souza, Lindsay Pereira |
||
| 260 |
_aNew Delhi _bOxford University Press _c2002 |
||
| 300 | _axxii,451p, 22 cm. | ||
| 504 | _aIncludes bibliographical references | ||
| 630 | _aFeminism, India | ||
| 630 | _aIndian Writing in English | ||
| 650 | _aWomen Studies | ||
| 651 | _aFeminism | ||
| 700 | _ade Souza, Eunice, ed | ||
| 850 | _aLCLIB | ||
| 942 | _cBK | ||
| 999 |
_c2345 _d52824 |
||